000 00307nam a22001457a 4500
008 210527b ||||| |||| 00| 0 eng d
020 _a2900820470992
041 _aeng
080 _a32
082 _a32
100 _a21
101 _aSHP
245 _aHere's Looking at You
_cGiglio,E
942 _2udc
_cBK
999 _c57750
_d57750